AH International Schools' Libraries

The food and cooking of Cambodia / (Record no. 50329)

MARC details
000 -LEADER
fixed length control field 00390nam a2200121 4500
020 ## - INTERNATIONAL STANDARD BOOK NUMBER
International Standard Book Number 9781844763511
100 ## - MAIN ENTRY--PERSONAL NAME
Personal name Basan, Ghillie.
9 (RLIN) 87332
245 ## - TITLE STATEMENT
Title The food and cooking of Cambodia /
Statement of responsibility, etc Ghillie Basan. With photography by Martin Brigdale.
260 ## - PUBLICATION, DISTRIBUTION, ETC. (IMPRINT)
Place of publication, distribution, etc UK:
Name of publisher, distributor, etc Southwater;
Date of publication, distribution, etc 2020.
300 ## - PHYSICAL DESCRIPTION
Extent 96 p.
Other physical details col; photographs;
Dimensions 28 cm.
650 ## - SUBJECT ADDED ENTRY--TOPICAL TERM
Topical term or geographic name as entry element Cambodian cookbook.
9 (RLIN) 87333
942 ## - ADDED ENTRY ELEMENTS (KOHA)
Source of classification or shelving scheme
Koha item type NON FIC SECTION
Holdings
Withdrawn status Lost status Source of classification or shelving scheme Damaged status Not for loan Collection code Home library Current library Date acquired Total Checkouts Full call number Barcode Date last seen Price effective from Koha item type
          Non-Fiction Asian Hope Secondary Library Asian Hope Secondary Library 03/26/2026   641 BAS 210896 03/26/2026 03/26/2026 NON FIC SECTION

For any Logos Library related questions please contact Miss Art at swongnarasuk@asianhope.org.

For any Asian Hope Library related questions please contact Miss Raza at graza@asianhope.org.

Powered by Koha